Statistics for Notable North Carolina Players Basketball Players

Click here to take the quiz!

General Stats

  • This quiz has been taken 296 times
    (249 since last reset)
  • The average score is 13 of 36

Answer Stats

HintAnswer% Correct
1984 G 6 time champion BullsMichael Jordan
96%
1982 LakerJames Worthy
75%
1998 F Raptor, Nets MavericksVince Carter
75%
1986 G, the JetKenny Smith
66%
2005 F UtahMarvin Willams
55%
1998 FAntawn Jamison
51%
2012 F Golden State WarriorsHarrison Barnes
51%
2005 FSean May
49%
2009 G NuggetsTy Lawson
49%
1995, F PistonsRasheed Wallace
48%
2005 G KnicksRaymond Felton
48%
1984 FSam Perkins
45%
1992 G, UNC AssistantHubert Davis
40%
1986 C Number 1 pickBrad Daugherty
38%
1995, GJerry Stackhouse
38%
2012 F Milwaukee BucksJohn Henson
38%
1977 G/F The GreyhoundWalter Davis
38%
1973, Current Denver CoachGeorge Karl
37%
1978 G, number 2 pickPhil Ford
37%
1994 CEric Montross
36%
2012 G Phoenix SunsKendall Marshall
33%
1963 G Long time CoachLarry Brown
31%
2005 GRashad Mccants
29%
2012 F Dallas MavericksTyler Zeller
26%
2001 C CharlotteBrendan Haywood
25%
1991 F, LakerRick Fox
25%
1976, Lakers GMMitch Kupchak
24%
1972, F/C Laker, Heat AssistantBob Mcadoo
23%
1974 F Philadelphia 76erBobby Jones
22%
1984 F, former UNC coachMatt Doherty
21%
1989 FJ.R. Reid
20%
1965 F/C Philadelphia 76erBilly Cunningham
18%
2001 GJoseph Forte
17%
1961 G/F Former Denver CoachDoug Moe
12%
2009 F Indiana PacersTyler Hansbrough
2%
1962 G Current NBA ExcutiveDonnie Walsh
0%

Score Distribution

Percentile by Number Answered

Percent of People with Each Score

Your Score History

You have not taken this quiz since the last reset